| 000 | 00000nas 2200000za 4500 |
| 001 | 9.866715 |
| 003 | CaOODSP |
| 005 | 20221107162122 |
| 007 | cr ||||||||||| |
| 008 | 190107d19311955oncar p os f0###b0fre| |
| 040 | |aCaOODSP|bfre |
| 041 | 0 |aeng|afre |
| 043 | |an-cn--- |
| 086 | 1 |aCS32-D-27-PDF |
| 245 | 00|aPack of fruits and vegetables |h[ressource électronique]. |
| 246 | 13|aRapport préliminaire sur la mise en conserve des fruits et légumes |f1937-1943 |
| 246 | 13|aPreliminary report on the pack of canned fruits and vegetables |f1933-1955 |
| 246 | 13|aPreliminary report on pack of fruits & vegetables in Canada |f1932 |
| 260 | |aOttawa : |bDominion Bureau of Statistics, |c[1932-1956] |
| 310 | |aAnnuel |
| 362 | 1 |aParaît depuis 1931; ne paraît plus après 1955. |
| 500 | |aÉdition numérisée de l'imprimé [par Statistique Canada]. |
| 500 | |aTitre de départ. |
| 546 | |aTexte en englais seulement (1931-1936, 1944-1955); texte en anglais et en français (1937-1943). |
| 550 | |aPubl. par Division des manufactures en général (1934); par Branche des manufactures en général (1935-1946); par Statistique des manufactures en genéral (1947); par Section des manufactures en général (1948); par Division de l'industrie et du commerce (1949); par Section des manufactures en général (1950-1953); par Section des aliments et des boissons (1954-1955). |
| 692 | 07|2gccst|aTransformation des aliments |
| 692 | 07|2gccst|aProduit agro-alimentaire |
| 710 | 1 |aCanada. |bBureau fédéral de la statistique. |
| 791 | |tPack of fruits and vegetables |eeng|w(CaOODSP)9.866712 |